|
|
|
|
| LEADER |
07246nam a22004213i 4500 |
| 001 |
EBC6734043 |
| 003 |
MiAaPQ |
| 005 |
20231204023218.0 |
| 006 |
m o d | |
| 007 |
cr cnu|||||||| |
| 008 |
231204s2020 xx o ||||0 fre d |
| 020 |
|
|
|a 9782759231331
|q (electronic bk.)
|
| 020 |
|
|
|z 9782759231324
|
| 035 |
|
|
|a (MiAaPQ)EBC6734043
|
| 035 |
|
|
|a (Au-PeEL)EBL6734043
|
| 035 |
|
|
|a (OCoLC)1281972462
|
| 040 |
|
|
|a MiAaPQ
|b eng
|e rda
|e pn
|c MiAaPQ
|d MiAaPQ
|
| 100 |
1 |
|
|a Bouarfa, Sami.
|
| 245 |
1 |
0 |
|a Quelles Agricultures Irriguées Demain ? :
|b Répondre Aux Enjeux de Sécurité Alimentaire et du développement Durable.
|
| 264 |
|
1 |
|a Versailles :
|b Quae,
|c 2020.
|
| 264 |
|
4 |
|c {copy}2023.
|
| 300 |
|
|
|a 1 online resource (215 pages)
|
| 336 |
|
|
|a text
|b txt
|2 rdacontent
|
| 337 |
|
|
|a computer
|b c
|2 rdamedia
|
| 338 |
|
|
|a online resource
|b cr
|2 rdacarrier
|
| 490 |
1 |
|
|a Matière à débattre et Décider Series
|
| 505 |
0 |
|
|a Intro -- Sommaire -- Préface -- Remerciements -- Introduction -- 1. Aménager pour l'irrigation : une simple affaire de canaux ? -- Le système irrigué, un espace physique, social et économique -- Intégrer toutes les dimensions d'un système irrigué dans la conception des projets -- Une complexification progressive des projets d'irrigation -- Conclusion : maintenir une vision dynamique de l'irrigation -- 2. Y-a-t-il de bonnes politiques publiques en matière d'irrigation ? -- Les politiques publiques de l'irrigation et leur contexte -- Cohérence des politiques d'irrigation -- L'irrigation et la ressource en eau -- Conclusion -- 3. L'irrigation : un outil pour la sécurité alimentaire et le développement économique des territoires -- Contexte et enjeux -- Les déterminants de la compétitivité d'un projet d'irrigation -- Vers une prise en compte croissante des externalités de la mise en valeur d'un périmètre irrigué -- 4. Quelles répartitions de la terre et de l'eau promouvoir pour l'agriculture irriguée de demain ? -- Les «τ̔̈2009;partenariats gagnant-gagnant »τ̔̈Α«·: favoriser les synergies entre agricultures familiales locales et agro-investisseurs -- Des projets de grande ampleur, peu adaptés aux réalités locales, générateurs d'inégalités et en proie à de nombreuses dérives -- Des initiatives paysannes proposant des alternatives pour l'irrigation -- Conclusions -- 5. Les projets d'irrigation doivent-ils être rentables ? Les analyses économiques sont-elles utiles ? -- Un rappel de la pratique de l'analyse économique -- L'évaluation économique sert-elle encore à quelque chose ? -- Les analyses économiques comme outil de conception des projets -- Et l'analyse financière ? -- Les investissements pour l'irrigation doivent-ils être rentables ? -- En conclusion.
|
| 505 |
8 |
|
|a 6. La maîtrise de l'eau : l'ingénierie a-t-elle oublié l'exploitation, la maintenance et les irrigants ? -- Bilan des grands aménagements du xxe siècle -- La sécurisation de la ressource : les barrages restent la solution -- Le prélèvement de l'eau : les prises en rivière, des ouvrages-clés -- Le transport de l'eau : un maître mot, la performance -- La distribution de l'eau : en bonne quantité au bon moment -- Exploitation et maintenance : idées reçues et prérequis -- Conclusion -- 7. L'irrigation peut-elle être plus économe en eau ? -- De la gestion de l'offre à la gestion de la demande en eau -- Un engagement fort des États pour moderniser les périmètres irrigués, l'exemple des pays méditerranéens -- La micro-irrigation permet-elle d'économiser de l'eau ? -- Efficience et productivité de l'eau d'irrigation, de quoi parle-t-on ? -- Les outils économiques pour économiser l'eau -- Fin alement, quelle technique d'irrigation pour «τ̔̈2009;économiser » l'eau ? -- Conclusion -- 8. Les sociétés publiques d'aménagement et de gestion de l'irrigation : un modèle à bout de souffle ou à réinventer ? -- Histoire et état des lieux : les sociétés d'aménagement ouest-africaines -- Perspectives -- 9. Délégation de la gestion des systèmes d'irrigation aux irrigants : peut-on éviter de reproduire les échecs du passé ? -- Un modèle international unique fondé sur l'implication des irrigants -- Des résistances au changement et une persistance de la mainmise de la bureaucratie hydraulique -- Des résultats décevants liés aux finalités poursuivies et aux processus mis en œuvre -- Vers une délégation effective de la gestion des périmètres irrigués publics -- Pour un processus d'apprentissage permettant le façonnage de nouvelles règles -- La contractualisation, outil pour la coconstruction de communs administrés.
|
| 505 |
8 |
|
|a 10. Le développement agricole par l'irrigation intègre-t-il les spécificités des pratiques foncières ? -- Des questions spécifiques posées par la gestion du foncier irrigué -- Des pratiques foncières informelles à l'œuvre dans les zones irriguées -- Les modes de régulation du foncier dans les zones irriguées sont-ils sécurisants pour tous ? -- Intégrer la portée spatiale et les temporalités de l'irrigation et de la gestion des ressources -- 11. La valorisation agricole des eaux usées et des boues de vidange est-elle une composante essentielle de l'économie circulaire ? -- Les eaux usées et les boues de vidange : un gisement de ressources avec des avantages pour les sociétés et l'environnement -- Potentiel et situation du traitement et de la réutilisation des eaux usées et des boues de vidange -- Les avantages de la réutilisation agricole des eaux usées et des boues de vidange et les risques associés -- Défis et opportunités de la réutilisation des eaux usées traitées et des boues de vidange -- Passer de l'utilisation agricole non planifiée à la réutilisation agricole planifiée -- Aspects économiques et financiers de la réutilisation des eaux usées traitées -- Conclusion -- 12. Agroécologie et irrigation font-elles bon ménage ? -- Des aménagements hydro-agricoles pour produire plus, régulièrement, avec sécurité -- La transition agroécologique -- Les pistes de progrès -- Les transitions agroécologiques en milieu irrigué : une option pertinente à suivre et à documenter -- Bibliographie -- Liste des auteurs.
|
| 588 |
|
|
|a Description based on publisher supplied metadata and other sources.
|
| 590 |
|
|
|a Electronic reproduction. Ann Arbor, Michigan : ProQuest Ebook Central, 2023. Available via World Wide Web. Access may be limited to ProQuest Ebook Central affiliated libraries.
|
| 655 |
|
4 |
|a Electronic books.
|
| 700 |
1 |
|
|a Brelle, François.
|
| 700 |
1 |
|
|a Coulon, Caroline.
|
| 776 |
0 |
8 |
|i Print version:
|a Bouarfa, Sami
|t Quelles Agricultures Irriguées Demain ?
|d Versailles : Quae,c2020
|z 9782759231324
|
| 797 |
2 |
|
|a ProQuest (Firm)
|
| 830 |
|
0 |
|a Matière à débattre et Décider Series
|
| 856 |
4 |
0 |
|u https://ebookcentral.proquest.com/lib/matrademy/detail.action?docID=6734043
|z Click to View
|